[Event "SG Kaltern/Tramin-SK Naturns Jambo"]
[Site "?"]
[Date "2013.03.09"]
[Round "11.1"]
[White "Mukic, Josko"]
[Black "Paltrinieri, Nicholas"]
[Result "1/2-1/2"]
[WhiteElo "2268"]
[BlackElo "2119"]
[PlyCount "93"]
[EventDate "2013.??.??"]

1. d4 e6 2. c4 f5 3. g3 Nf6 4. Bg2 Bb4+ 5. Nd2 O-O 6. Ngf3 Nc6 7. O-O Be7 8. d5
exd5 9. cxd5 Nb4 10. Nd4 Nbxd5 11. Nxf5 d6 12. Nxe7+ Qxe7 13. e4 Nb6 14. b3 Bd7
15. Bb2 Bc6 16. Re1 Rae8 17. a4 Qf7 18. f4 Qg6 19. a5 Nbd7 20. a6 Nc5 21. f5
Qh6 22. Bxf6 Qxf6 23. Nc4 b5 24. e5 dxe5 25. Bd5+ Kh8 26. Bxc6 bxc4 27. Bxe8
Nd3 28. Re2 Rxe8 29. bxc4 Qb6+ 30. Kf1 Qc6 31. Rg2 Qxc4 32. Qa4 Nb4+ 33. Kg1
Qd4+ 34. Kh1 Rd8 35. Rb1 c5 36. Rf1 Qd3 37. Qa1 Rd6 38. Re1 Rd5 39. Rge2 Qf3+
40. Kg1 Nd3 41. Qb1 Rd8 42. Rd2 Qxf5 43. Rxd3 Qxd3 44. Qxd3 Rxd3 45. Rxe5 h6
46. Re7 Ra3 47. Rxa7 1/2-1/2

[Event "SG Kaltern/Tramin-SK Naturns Jambo"]
[Site "?"]
[Date "2013.03.09"]
[Round "11.2"]
[White "Waldner, Mirko"]
[Black "La Manna, Andrea"]
[Result "0-1"]
[WhiteElo "1836"]
[BlackElo "2193"]
[PlyCount "92"]
[EventDate "2013.??.??"]

1. d4 d6 2. c4 f5 3. Nc3 Nf6 4. Bf4 g6 5. h4 Bg7 6. Qd2 h6 7. f3 Nc6 8. O-O-O
Nh5 9. Be3 Ng3 10. Rh2 e6 11. Bf2 Nxf1 12. Rxf1 O-O 13. e3 a6 14. g4 fxg4 15.
Qd3 Qf6 16. Bg3 Qf5 17. Qd2 b5 18. Rhf2 Bb7 19. Nge2 b4 20. Nd1 Qa5 21. Kb1
Rxf3 22. Rxf3 gxf3 23. Nf4 Qf5+ 24. Ka1 a5 25. d5 Nd8 26. Nf2 e5 27. e4 Qf6 28.
Ng4 Qf7 29. Nd3 Kh7 30. Qd1 Qe7 31. Qxf3 h5 32. Ne3 Kg8 33. Nf2 Bc8 34. Nd3 Nf7
35. Be1 Nh6 36. Qg3 Kh7 37. Nf2 Bd7 38. Nh3 Rf8 39. Rg1 Ng4 40. Nxg4 Bxg4 41.
Bd2 Kg8 42. Nf2 Rf3 43. Qh2 Qf6 44. Nxg4 hxg4 45. Kb1 Rf1+ 46. Bc1 Qf3 0-1

[Event "SG Kaltern/Tramin-SK Naturns Jambo"]
[Site "?"]
[Date "2013.03.09"]
[Round "11.3"]
[White "Nicolodi, Raoul"]
[Black "Dibiasi, Rainer"]
[Result "1-0"]
[WhiteElo "1983"]
[BlackElo "1806"]
[PlyCount "75"]
[EventDate "2013.??.??"]

1. Nf3 Nf6 2. c4 c5 3. g3 g6 4. Bg2 Bg7 5. O-O O-O 6. Nc3 Nc6 7. d4 cxd4 8.
Nxd4 Nh5 9. Be3 Nf6 10. Rc1 Ng4 11. Nxc6 dxc6 12. Bc5 Qc7 13. h3 Nf6 14. Qc2
Qe5 15. b4 Re8 16. h4 g5 17. hxg5 Qxg5 18. Ne4 Qh5 19. Nxf6+ exf6 20. e3 Bh3
21. Qd1 Qf5 22. Bxh3 Qxh3 23. Qf3 f5 24. Rfd1 Rad8 25. Rxd8 Rxd8 26. Rd1 Rxd1+
27. Qxd1 Bf6 28. Qd6 Kg7 29. Qf8+ Kg6 30. Qg8+ Bg7 31. Bxa7 Qg4 32. Bd4 f6 33.
Qe8+ Kh6 34. Qf7 Qg5 35. a4 f4 36. exf4 Qf5 37. Kh2 Qc2 38. f5 1-0

[Event "SG Kaltern/Tramin-SK Naturns Jambo"]
[Site "?"]
[Date "2013.03.09"]
[Round "11.4"]
[White "Dallaglio, Giovanni"]
[Black "Fox, Jonas"]
[Result "1-0"]
[WhiteElo "1675"]
[BlackElo "1783"]
[PlyCount "65"]
[EventDate "2013.??.??"]

1. d4 e6 2. Nf3 f5 3. c4 Nf6 4. e3 c6 5. Bd3 d5 6. O-O Bd6 7. b3 Qe7 8. Bb2 O-O
9. Ne5 Ne4 10. f3 Ng5 11. f4 Ne4 12. Nd2 Nd7 13. Ndf3 a5 14. a3 Nb8 15. c5 Bc7
16. b4 b6 17. cxb6 Bxb6 18. b5 cxb5 19. Bxb5 Ba6 20. Qd3 Bc7 21. Rfc1 Bd6 22.
a4 Bb4 23. Ba3 Bxa3 24. Rxa3 Bxb5 25. axb5 Qb7 26. Rca1 Rc8 27. h4 h6 28. Kh2
Nd6 29. Rxa5 Rxa5 30. Rxa5 Qb6 31. Qa3 Ne4 32. Qe7 Qxa5 33. Qxe6+ 1-0

[Event "SG Kaltern/Tramin-SK Naturns Jambo"]
[Site "?"]
[Date "2013.03.09"]
[Round "11.5"]
[White "Unterthurner, Hans"]
[Black "Unterkofler, Alex"]
[Result "1-0"]
[WhiteElo "2029"]
[BlackElo "1657"]
[PlyCount "71"]
[EventDate "2013.??.??"]

1. e4 e5 2. Nf3 Nc6 3. Bb5 a6 4. Ba4 d6 5. c3 Nf6 6. O-O Be7 7. Re1 O-O 8. h3
b5 9. Bc2 Nb8 10. d4 Nbd7 11. Nbd2 Bb7 12. Nf1 Re8 13. Ng3 Bf8 14. a4 g6 15.
Bg5 Bg7 16. Qd2 Qe7 17. Bh6 Qf8 18. Bxg7 Qxg7 19. Qd3 exd4 20. cxd4 b4 21. Qc4
c5 22. dxc5 dxc5 23. Rad1 Ne5 24. Nxe5 Rxe5 25. f4 Ree8 26. e5 Nh5 27. Nxh5
gxh5 28. Be4 Bxe4 29. Rxe4 Rad8 30. Rd6 Rxd6 31. exd6 Rxe4 32. Qxe4 Qxb2 33. d7
Qa1+ 34. Kh2 Qf6 35. Qe8+ Kg7 36. Qe5 1-0

[Event "SG Kaltern/Tramin-SK Naturns Jambo"]
[Site "?"]
[Date "2013.03.09"]
[Round "11.6"]
[White "Thaler, Elmar"]
[Black "Naegele, Norbert"]
[Result "0-1"]
[WhiteElo "1721"]
[BlackElo "1786"]
[PlyCount "72"]
[EventDate "2013.??.??"]

1. d4 Nf6 2. c4 e6 3. Nf3 c5 4. d5 exd5 5. cxd5 d6 6. Nc3 g6 7. e4 a6 8. a4 Bg4
9. Be2 Bxf3 10. Bxf3 Bg7 11. O-O O-O 12. Bg5 Nbd7 13. Qd2 Re8 14. Rfe1 Qc7 15.
a5 Rab8 16. Bd1 b5 17. axb6 Rxb6 18. Ba4 Reb8 19. Ra2 c4 20. f4 h6 21. Bh4 Nc5
22. e5 Ne8 23. Bf2 Nd3 24. Bxb6 Qxb6+ 25. Re3 dxe5 26. Kf1 Nd6 27. fxe5 Bxe5
28. Bc2 Bf4 29. Ke2 Bxe3 30. Qxe3 Re8 31. Qxe8+ Nxe8 32. Bxd3 cxd3+ 33. Kxd3
Nd6 34. Ke2 Qb3 35. Kf3 Nb5 36. d6 Nxd6 0-1

[Event "SK Gries-ASD Arci Scacchi"]
[Site "?"]
[Date "2013.03.09"]
[Round "11.1"]
[White "Pichler, Klaus"]
[Black "Spornberger, Andre"]
[Result "0-1"]
[WhiteElo "1711"]
[BlackElo "2048"]
[PlyCount "70"]
[EventDate "2013.??.??"]

1. e4 e6 2. d4 d5 3. exd5 exd5 4. c4 Nf6 5. Nf3 Be7 6. Nc3 c6 7. Be2 O-O 8. Ne5
Nbd7 9. O-O dxc4 10. Nxc4 Nb6 11. Ne5 Be6 12. Be3 Nfd5 13. Qc2 Bd6 14. Ne4 Nxe3
15. fxe3 Bxe5 16. dxe5 Nd5 17. Rad1 Nxe3 18. Rxd8 Nxc2 19. Rxa8 Rxa8 20. Nc5
Bxa2 21. Nxb7 Rb8 22. Na5 Nd4 23. Bc4 Rxb2 24. Rd1 Rb1 25. Rxb1 Bxb1 26. Kf2
Bf5 27. Ke3 Nc2+ 28. Kf4 Bd7 29. Ke4 Kf8 30. Bb3 Nb4 31. Kd4 Na6 32. Bc4 Nb8
33. Kc5 Ke7 34. Bd3 g6 35. Bc4 Be6 0-1

[Event "SK Gries-ASD Arci Scacchi"]
[Site "?"]
[Date "2013.03.09"]
[Round "11.2"]
[White "Paulmichl, Martin"]
[Black "Pollana, Marco"]
[Result "1/2-1/2"]
[WhiteElo "1953"]
[BlackElo "1766"]
[PlyCount "54"]
[EventDate "2013.??.??"]

1. c4 d6 2. g3 g6 3. Bg2 Bg7 4. Nc3 c6 5. e4 Nd7 6. Nge2 Ngf6 7. d3 e5 8. O-O
a6 9. h3 b5 10. Be3 b4 11. Na4 Bb7 12. f4 Qe7 13. fxe5 dxe5 14. c5 O-O 15. Qd2
a5 16. Rac1 Ne8 17. d4 exd4 18. Nxd4 Ne5 19. Bg5 f6 20. Bh6 Rd8 21. Bxg7 Nxg7
22. Rfd1 Ba6 23. Qe3 Qc7 24. Nb6 Rfe8 25. Bf1 Bxf1 26. Rxf1 Qf7 27. b3 Qe7
1/2-1/2

[Event "SK Gries-ASD Arci Scacchi"]
[Site "?"]
[Date "2013.03.09"]
[Round "11.3"]
[White "D'Ambrosio, Luca"]
[Black "Niederstaetter, Harald"]
[Result "1/2-1/2"]
[WhiteElo "1748"]
[BlackElo "1930"]
[PlyCount "91"]
[EventDate "2013.??.??"]

1. d4 f5 2. Nc3 d5 3. Nf3 e6 4. Bg5 Be7 5. Bxe7 Qxe7 6. Qd2 Nf6 7. e3 O-O 8.
Ne5 Nbd7 9. f4 c5 10. Nxd7 Bxd7 11. Be2 b5 12. O-O b4 13. Nd1 Ne4 14. Qe1 Rab8
15. Nf2 cxd4 16. exd4 Rfc8 17. Rc1 Ba4 18. Nxe4 dxe4 19. b3 Bb5 20. Bxb5 Rxb5
21. c4 bxc3 22. Rxc3 Rd8 23. Qf2 Rb4 24. Rc4 Rxc4 25. bxc4 Qa3 26. Rd1 Rb8 27.
d5 e3 28. Qf3 Qc5 29. Re1 Qxc4 30. Qxe3 Qxd5 31. Qxe6+ Qxe6 32. Rxe6 Rb1+ 33.
Kf2 Rb2+ 34. Re2 Rb4 35. Kf3 Ra4 36. g3 Ra3+ 37. Kf2 Kf7 38. Kg2 Kg6 39. Re6+
Kh5 40. Re2 g5 41. fxg5 Kxg5 42. Kh3 h5 43. Rd2 Ra4 44. Kg2 Ra3 45. Rf2 a5 46.
Kh3 1/2-1/2

[Event "SK Gries-ASD Arci Scacchi"]
[Site "?"]
[Date "2013.03.09"]
[Round "11.4"]
[White "Zammarchi, Massimo"]
[Black "Rinaldo, Gaetano"]
[Result "1-0"]
[WhiteElo "1900"]
[BlackElo "1607"]
[PlyCount "53"]
[EventDate "2013.??.??"]

1. e4 e6 2. d3 b6 3. Nf3 Nf6 4. e5 Nd5 5. a3 c5 6. g3 Nc6 7. Bg2 Bb7 8. O-O Be7
9. d4 b5 10. Nbd2 cxd4 11. Nb3 Qb6 12. Nbxd4 f6 13. Nxc6 Bxc6 14. c3 O-O 15.
Qd3 a6 16. exf6 Nxf6 17. Ne5 Bxg2 18. Kxg2 Qb7+ 19. Kh3 d6 20. Nf3 e5 21. Qe2
Qd7+ 22. Kg2 Qc6 23. Kg1 Ng4 24. Ng5 Nxf2 25. Rxf2 Rxf2 26. Qxf2 d5 27. Qf7+
1-0

[Event "SK Gries-ASD Arci Scacchi"]
[Site "?"]
[Date "2013.03.09"]
[Round "11.5"]
[White "Adzic, Ranko"]
[Black "Fongarolli, Diego"]
[Result "0-1"]
[WhiteElo "1800"]
[BlackElo "1896"]
[PlyCount "84"]
[EventDate "2013.??.??"]

1. Nf3 c5 2. g3 Nf6 3. Bg2 d5 4. d3 Nc6 5. O-O Bf5 6. Nbd2 e6 7. Nh4 Bg6 8.
Nxg6 hxg6 9. e4 Be7 10. Re1 dxe4 11. Nxe4 Qb6 12. Be3 Nxe4 13. Bxe4 Bf6 14. Rb1
Bd4 15. Bg5 Rh5 16. h4 Kd7 17. c3 Bf6 18. Be3 Rah8 19. b4 Bxc3 20. bxc5 Qc7 21.
Bf4 e5 22. Bd2 Bxd2 23. Qxd2 Kc8 24. Bf3 R5h6 25. d4 Nxd4 26. Bg2 Nc6 27. Re3
Rd8 28. Qb2 Rd7 29. a4 f5 30. a5 e4 31. a6 bxa6 32. Bf1 a5 33. Ba6+ Kd8 34. Qb3
Rh8 35. Qe6 Nd4 36. Qxg6 Nf3+ 37. Kg2 Rxh4 38. Rxf3 exf3+ 39. Kxf3 Rh6 40. Qg5+
Rf6 41. Qe3 Rxa6 42. Re1 Qc6+ 0-1

[Event "SK Gries-ASD Arci Scacchi"]
[Site "?"]
[Date "2013.03.09"]
[Round "11.6"]
[White "Spornberger, Peter"]
[Black "Scarabello, Graziano"]
[Result "0-1"]
[WhiteElo "1627"]
[BlackElo "1320"]
[PlyCount "38"]
[EventDate "2013.??.??"]

1. e4 c5 2. c3 Nc6 3. d4 cxd4 4. cxd4 e6 5. Nf3 Bb4+ 6. Nc3 Nf6 7. Bg5 h6 8.
Bxf6 Qxf6 9. e5 Qd8 10. Bc4 O-O 11. O-O a6 12. a3 Ba5 13. b4 Bc7 14. d5 Nxe5
15. Nxe5 Bxe5 16. Rc1 Qh4 17. f4 Bxf4 18. Ne2 Bxh2+ 19. Kh1 Bg3+ 0-1